00420nam a2200157Ia 4500008004100000020001800041082000800059100002500067245005800092250000600150260002500156300001800181500002500199650001400224700002400238230524s9999 xx 000 0 und d a9780071077835 bBUD a"Budynas, Richard G" 0aMechanical Engineering Design (Shigley's) (SI Units) a9 aNew DelhibTMHc2012 axxiii;1088 p. aQuantity Number: 30 aMechanics a"Nisbett, J Keith "